| 000 | 005150000a22001690004500 | ||
|---|---|---|---|
| 090 |
_aAR _b00335 |
||
| 245 | 1 | 0 | _aDivergence in the mitochondrial DNA of Empidonax traillii and E. alnorum, with notes on hybridization |
| 650 | 1 | 4 |
_aGenética _992806 |
| 650 | 1 | 4 |
_aEvolución _992797 |
| 650 | 1 | 4 |
_aAves _992429 |
| 653 |
_gEmpidonax _eEmpidonax trailli |
||
| 653 |
_gEmpidonax _eEmpidonax alnorum |
||
| 041 | 0 | _aInglés | |
| 100 | 1 |
_aWinker, Kevin _993131 |
|
| 942 | _cARTICULO | ||
| 773 | 1 |
_tAuk _313 _h3 _q710-713 _d1994 _g111 |
|
| 999 |
_c9433 _d9433 |
||